000 00449nam a2200157 4500
001 119982
003 ES-MaACL
005 20230906191436.0
007 t|
008 070214s1966 sp r ||||1| spa d
100 1 _aPinto Grote, Carlos.
_992232
245 1 4 _aLas horas del hospital y otros cuentos /
_cCarlos Pinto Grote.
260 _aMadrid :
_b[s. n.],
_c1966 (
_fImnasa)
300 _a139 p. ;
_c23 cm.
852 _aES-MaACL
_jC-33029
_bR.63624
999 _c119982
_d119982